| 000 | 00375nam a2200133Ia 4500 | ||
|---|---|---|---|
| 008 | 151021s9999 xx 000 0 und d | ||
| 020 | _a9966759042 | ||
| 050 | _aQA440.P 2003 | ||
| 245 | _a_Mathematics for Kenya Schools Form 1 | ||
| 260 | _aKenya Malimu Publication 2003 | ||
| 300 | _a302p.;ill | ||
| 650 | _a_General mathematics | ||
| 980 | _a^d20110114 09:53:03^okilerai | ||
| 999 |
_c5995 _d5995 |
||